[Event "X Open Vallee d'Aoste A"]
[Site "Saint Vincent - Chatillon ITA"]
[Date "2002.02.09"]
[Round "1"]
[White "Gurevich, Mikhail N."]
[Black "Cocchi, Andrea"]
[Result "1-0"]
[WhiteElo "2641"]
[BlackElo "2285"]
[PlyCount "67"]
[EventDate "2002.02.09"]

1. c4 c5 2. Nc3 g6 3. d3 Bg7 4. Bg5 Nc6 5. g3 d6 6. Bg2 h6 7. Bd2 e6 8. a3 Nge7
9. b4 O-O 10. Rb1 cxb4 11. axb4 d5 12. cxd5 Nxd5 13. Nxd5 exd5 14. Nf3 Bg4 15.
b5 Bxf3 16. Bxf3 Nd4 17. Bg2 Qd7 18. b6 axb6 19. e3 Nb5 20. Qb3 Nc7 21. d4 b5
22. O-O Ra4 23. Rfc1 Rfa8 24. Bf1 Ra2 25. Qc3 Ne6 26. Bxb5 Qe7 27. Bf1 Ng5 28.
Bg2 Ne4 29. Bxe4 Qxe4 30. Rxb7 h5 31. Be1 Bh6 32. Qc7 Qf3 33. Qe5 Re2 34. Rcb1
1-0

[Event "X Open Vallee d'Aoste A"]
[Site "Saint Vincent - Chatillon ITA"]
[Date "2002.02.09"]
[Round "1"]
[White "Komarov, Dimitri"]
[Black "Berni, Giorgio"]
[Result "1-0"]
[WhiteElo "2537"]
[BlackElo "2160"]
[PlyCount "33"]
[EventDate "2002.02.09"]

1. d4 d5 2. c4 e6 3. Nf3 Nf6 4. Nc3 c6 5. Bg5 Nbd7 6. e3 Qa5 7. Nd2 e5 8. Be2
Bb4 9. O-O Bxc3 10. bxc3 Qxc3 11. cxd5 exd4 12. Nc4 Qb4 13. dxc6 bxc6 14. Bf4
O-O 15. Bd6 c5 16. Rb1 Qc3 17. Rb3 1-0

[Event "X Open Vallee d'Aoste A"]
[Site "Saint Vincent - Chatillon ITA"]
[Date "2002.02.09"]
[Round "1"]
[White "Massa, Giovanni"]
[Black "Drasko, Milan"]
[Result "0-1"]
[WhiteElo "2105"]
[BlackElo "2504"]
[PlyCount "62"]
[EventDate "2002.02.09"]

1. e4 e6 2. d4 d5 3. Nc3 Bb4 4. e5 Ne7 5. a3 Bxc3+ 6. bxc3 c5 7. a4 Qc7 8. Nf3
b6 9. Bb5+ Bd7 10. Bd3 Nbc6 11. O-O h6 12. Re1 O-O 13. Qd2 f6 14. Ba3 fxe5 15.
Nxe5 Nxe5 16. Rxe5 Rf7 17. Be2 Rc8 18. Bh5 Rf5 19. Rxf5 Nxf5 20. dxc5 bxc5 21.
Bg4 Nd6 22. Qe3 Kh8 23. Qf4 e5 24. Qf3 e4 25. Qf4 Bxg4 26. Qxg4 Nc4 27. Bc1 Qc6
28. Be3 Rd8 29. Rd1 Nb2 30. Qh4 Re8 31. Rb1 Nxa4 0-1

[Event "X Open Vallee d'Aoste A"]
[Site "Saint Vincent - Chatillon ITA"]
[Date "2002.02.09"]
[Round "1"]
[White "Nevednichy, Vladislav"]
[Black "Giretti Kanev, Jasen"]
[Result "1-0"]
[WhiteElo "2569"]
[BlackElo "2199"]
[PlyCount "67"]
[EventDate "2002.02.09"]

1. e4 e5 2. Nf3 Nf6 3. d4 Nxe4 4. Bd3 d5 5. Nxe5 Nd7 6. Nc3 Nxc3 7. bxc3 Nxe5
8. dxe5 Bc5 9. O-O c6 10. Rb1 b6 11. Kh1 Qh4 12. f4 Bg4 13. Qd2 O-O 14. h3 f6
15. Qe1 Qh5 16. Qg3 Be2 17. Re1 Bxd3 18. Qxd3 Rae8 19. e6 f5 20. c4 d4 21. Ba3
Qh6 22. Bxc5 bxc5 23. Rb7 Rxe6 24. Rxe6 Qxe6 25. Rc7 Rb8 26. Kh2 Rb4 27. a3 Rb8
28. a4 Re8 29. a5 g6 30. a6 Qe4 31. Kg3 Qe3+ 32. Qxe3 Rxe3+ 33. Kh4 h6 34. Rb7
1-0

[Event "X Open Vallee d'Aoste A"]
[Site "Saint Vincent - Chatillon ITA"]
[Date "2002.02.09"]
[Round "1"]
[White "Resika, Nathan A."]
[Black "Khenkin, Igor"]
[Result "0-1"]
[WhiteElo "2241"]
[BlackElo "2584"]
[PlyCount "88"]
[EventDate "2002.02.09"]

1. e4 c6 2. d4 d5 3. Nc3 dxe4 4. Nxe4 Bf5 5. Nc5 b6 6. Nb3 e6 7. Nf3 Bd6 8. g3
h6 9. Bg2 Ne7 10. O-O Nd7 11. Re1 O-O 12. Bd2 Bg4 13. c4 a5 14. Bc3 b5 15. cxb5
cxb5 16. h3 Bxf3 17. Bxf3 Nd5 18. a4 b4 19. Bd2 N7b6 20. Qe2 Qd7 21. Qb5 Qxb5
22. axb5 Nc4 23. Rec1 Rfc8 24. b6 Ncxb6 25. Rxc8+ Rxc8 26. Rxa5 Nc4 27. Ra6
Nxd2 28. Nxd2 Be7 29. Be4 Bg5 30. Nb3 Bf6 31. Kf1 Kf8 32. Ke2 Rd8 33. f4 h5 34.
Ra4 h4 35. Bxd5 Rxd5 36. Rxb4 hxg3 37. Kf3 Bh4 38. Rb8+ Ke7 39. Rh8 g5 40. fxg5
Rf5+ 41. Kg2 Rf2+ 42. Kg1 Bxg5 43. Rg8 f6 44. Nc5 Re2 0-1

[Event "X Open Vallee d'Aoste A"]
[Site "Saint Vincent - Chatillon ITA"]
[Date "2002.02.09"]
[Round "1"]
[White "Rogers, Ian"]
[Black "Guanciale, Orazio"]
[Result "1-0"]
[WhiteElo "2555"]
[BlackElo "2179"]
[PlyCount "81"]
[EventDate "2002.02.09"]

1. e4 e6 2. d4 d5 3. Nc3 Bb4 4. e5 c5 5. a3 Bxc3+ 6. bxc3 Ne7 7. Nf3 Bd7 8. a4
Qa5 9. Bd2 Nbc6 10. Bb5 a6 11. Bxc6 Bxc6 12. O-O O-O 13. Bc1 Bxa4 14. dxc5 Qb5
15. Nd4 Qd7 16. Qh5 Nf5 17. Ra2 Nxd4 18. cxd4 Bb5 19. Re1 f5 20. exf6 Rxf6 21.
Ra3 Qf7 22. Qxf7+ Kxf7 23. Bd2 h6 24. h4 Rf8 25. f3 Ke8 26. Kf2 Kd7 27. g4 R8f7
28. Kg3 Rf8 29. Re5 Ba4 30. g5 R6f7 31. Rxa4 Rxf3+ 32. Kg4 Rf2 33. Be3 Rxc2 34.
Rb4 hxg5 35. hxg5 Rb8 36. Rb6 a5 37. Rexe6 a4 38. Rbd6+ Kc8 39. Re8+ Kc7 40.
Re7+ Kc8 41. Rxg7 1-0

[Event "X Open Vallee d'Aoste A"]
[Site "Saint Vincent - Chatillon ITA"]
[Date "2002.02.09"]
[Round "1"]
[White "Roiz, Michael"]
[Black "Verot, Melanie"]
[Result "1-0"]
[WhiteElo "2507"]
[BlackElo "2116"]
[PlyCount "53"]
[EventDate "2002.02.09"]

1. d4 Nf6 2. Nf3 g6 3. c4 c5 4. Nc3 Bg7 5. d5 d6 6. e4 Nbd7 7. Bd3 O-O 8. h3
Ne8 9. Bg5 Nc7 10. O-O Rb8 11. Qd2 Re8 12. a4 a6 13. Rab1 b5 14. axb5 axb5 15.
Nxb5 Nxb5 16. cxb5 Nb6 17. Rfc1 Bd7 18. b4 Na4 19. bxc5 Nxc5 20. Be3 Nxd3 21.
Qxd3 Qa5 22. b6 Rec8 23. Rxc8+ Bxc8 24. Qc2 Qc3 25. Qa4 Qd3 26. Qe8+ Bf8 27.
Rc1 1-0

[Event "X Open Vallee d'Aoste A"]
[Site "Saint Vincent - Chatillon ITA"]
[Date "2002.02.09"]
[Round "1"]
[White "Schaefer, Michael"]
[Black "Delchev, Aleksander"]
[Result "0-1"]
[WhiteElo "2247"]
[BlackElo "2591"]
[PlyCount "118"]
[EventDate "2002.02.09"]

1. d4 d6 2. e4 Nf6 3. Nc3 g6 4. Nf3 Bg7 5. Be2 O-O 6. O-O c6 7. a4 Nbd7 8. h3
Qc7 9. Be3 b6 10. a5 b5 11. d5 a6 12. dxc6 Qxc6 13. Nd5 Nxd5 14. exd5 Qc7 15.
c3 Bb7 16. Ne1 Nf6 17. Bb6 Qc8 18. Bf3 Nd7 19. Bd4 Bxd4 20. Qxd4 Qc4 21. Rd1
Ne5 22. Qxc4 Nxc4 23. Nd3 Nxa5 24. Rfe1 Rfe8 25. Nb4 Nc4 26. b3 Ne5 27. Be2 g5
28. c4 bxc4 29. bxc4 Rec8 30. Rd4 a5 31. Nc2 Ba6 32. Ne3 Rc5 33. Ra1 Bc8 34. g3
Rb8 35. f4 gxf4 36. gxf4 Ng6 37. Bg4 Nh4 38. Kf2 f5 39. Be2 Rb2 40. Nd1 Rb3 41.
Rd3 Rxd3 42. Bxd3 Ng6 43. Ke3 e5 44. dxe6 Bxe6 45. Nb2 Kg7 46. Ra3 Ne7 47. Rb3
Rc7 48. Rb6 Nc8 49. Rb8 Kf6 50. Kd4 Ne7 51. Rb6 Rc6 52. Rb5 Ra6 53. c5 a4 54.
cxd6 Nc6+ 55. Kc3 a3 56. Bb1 a2 57. Bxa2 Rxa2 58. Nd3 Ra3+ 59. Kd2 Bc4 0-1

[Event "X Open Vallee d'Aoste A"]
[Site "Saint Vincent - Chatillon ITA"]
[Date "2002.02.09"]
[Round "1"]
[White "Sulava, Nenad"]
[Black "Tredinnick, Malcolm Robert"]
[Result "1-0"]
[WhiteElo "2552"]
[BlackElo "2169"]
[PlyCount "53"]
[EventDate "2002.02.09"]

1. Nf3 d5 2. d4 c6 3. c4 e6 4. Nc3 dxc4 5. Bg5 Nf6 6. e4 h6 7. Bxf6 Qxf6 8.
Bxc4 g6 9. h4 Nd7 10. e5 Qd8 11. Rc1 Bg7 12. Ne4 O-O 13. O-O b6 14. Qe2 c5 15.
dxc5 Nxe5 16. Rfd1 Qe7 17. Nxe5 Bxe5 18. h5 bxc5 19. hxg6 Bd4 20. gxf7+ Kh8 21.
b4 Qxf7 22. bxc5 Qg7 23. Rd3 e5 24. Qd2 Bb7 25. Rg3 Rxf2 26. Qxd4 Qxg3 27. Qxf2
1-0

[Event "X Open Vallee d'Aoste A"]
[Site "Saint Vincent - Chatillon ITA"]
[Date "2002.02.09"]
[Round "1"]
[White "Sutovsky, Emil"]
[Black "Olarasu, Gabriela"]
[Result "1-0"]
[WhiteElo "2656"]
[BlackElo "2293"]
[PlyCount "99"]
[EventDate "2002.02.09"]

1. e4 e5 2. Nf3 Nc6 3. Bb5 a6 4. Ba4 Nf6 5. O-O Be7 6. Bxc6 dxc6 7. d3 Nd7 8.
Nbd2 O-O 9. Nc4 f6 10. Nh4 Nc5 11. Be3 Ne6 12. Nf5 Rf7 13. Nxe7+ Qxe7 14. g3 c5
15. f4 exf4 16. gxf4 b6 17. f5 Nd4 18. b4 g6 19. bxc5 Nxf5 20. exf5 b5 21. Qf3
bxc4 22. Qxa8 Qxe3+ 23. Kh1 Rf8 24. Qd5+ Kg7 25. Rae1 Qh3 26. Re7+ Kh6 27. Rf3
Qh4 28. Ree3 Bxf5 29. Rxf5 gxf5 30. Qxf5 Kg7 31. Rg3+ Kh8 32. Qd7 Rg8 33. Rxg8+
Kxg8 34. Qd8+ Kg7 35. Qxc7+ Kf8 36. Qd6+ Kf7 37. Qd7+ Kf8 38. Qd6+ Kf7 39. Kg2
Qg5+ 40. Kf3 cxd3 41. cxd3 Qf5+ 42. Ke3 Qg5+ 43. Kf3 Qf5+ 44. Ke2 Qg4+ 45. Kd2
Qg5+ 46. Ke1 Qe5+ 47. Qxe5 fxe5 48. Kd2 Ke6 49. Kc3 Kd5 50. Kb4 1-0

[Event "X Open Vallee d'Aoste A"]
[Site "Saint Vincent - Chatillon ITA"]
[Date "2002.02.09"]
[Round "1"]
[White "Timoscenko, Gennadij A."]
[Black "Delabaca, Romuald"]
[Result "1-0"]
[WhiteElo "2513"]
[BlackElo "2122"]
[PlyCount "67"]
[EventDate "2002.02.09"]

1. d4 d5 2. c4 e6 3. Nf3 c6 4. Qc2 dxc4 5. Qxc4 b5 6. Qc2 Bb7 7. e4 Nf6 8. Be2
Nbd7 9. O-O Qb6 10. Nc3 a6 11. e5 Nd5 12. Nxd5 cxd5 13. Bd3 Rc8 14. Qe2 Be7 15.
h4 h6 16. Be3 g5 17. hxg5 hxg5 18. Rad1 Rg8 19. Nh2 Nf8 20. Ng4 Ng6 21. g3 Kd7
22. Qf3 Rcf8 23. Rc1 Qd8 24. Nf6+ Bxf6 25. exf6 g4 26. Qe2 Qb6 27. Rc5 Rc8 28.
Rfc1 Rxc5 29. Rxc5 Bc6 30. b4 Qd8 31. Qc2 Qb6 32. Bh6 e5 33. Bxg6 Rxg6 34. Qxg6
1-0

[Event "X Open Vallee d'Aoste A"]
[Site "Saint Vincent - Chatillon ITA"]
[Date "2002.02.09"]
[Round "1"]
[White "Vuilleumier, Alexandre"]
[Black "Zelcic, Robert"]
[Result "1/2-1/2"]
[WhiteElo "2164"]
[BlackElo "2544"]
[PlyCount "165"]
[EventDate "2002.02.09"]

1. e4 c6 2. d4 d5 3. e5 c5 4. dxc5 Nc6 5. Bb5 e6 6. Be3 Nge7 7. c3 Bd7 8. Bxc6
Bxc6 9. Bd4 Nf5 10. Ne2 Nxd4 11. cxd4 b6 12. cxb6 Qxb6 13. Qb3 Qxb3 14. axb3
Be7 15. Kd2 Kd7 16. Nbc3 f6 17. f4 Rhb8 18. Kc2 Rc8 19. Ng3 Ke8 20. Ra6 fxe5
21. fxe5 Bd8 22. Kd3 Bb6 23. Rf1 Ke7 24. Raa1 Be8 25. Ke3 Bd8 26. Ra6 Rcb8 27.
Rfa1 Rxb3 28. Rxa7+ Rxa7 29. Rxa7+ Kf8 30. Ra6 Bg5+ 31. Kf3 Rxb2 32. Nge2 Bd2
33. Ra2 Bxc3 34. Nxc3 Rb3 35. Rc2 Bg6 36. Rc1 Rb2 37. h3 Rd2 38. Rd1 Be4+ 39.
Ke3 Rxd1 40. Nxd1 Bxg2 41. h4 Kf7 42. Kf2 Be4 43. Nc3 Kg6 44. Kg3 Bd3 45. Kg4
Bf5+ 46. Kf4 Bh3 47. Nb5 Kh5 48. Kg3 Bf5 49. Nd6 Bg6 50. Nb7 Bc2 51. Nd8 Bf5
52. Nf7 h6 53. Nd6 Bg6 54. Nb7 Bh7 55. Nc5 Bf5 56. Nd7 Kg6 57. Kf4 Kf7 58. Nb6
Bc2 59. Nc8 Ke8 60. Nd6+ Kd7 61. Kg4 Bg6 62. Kf4 Bh5 63. Kg3 Kc6 64. Kf4 Kb6
65. Nc8+ Kb5 66. Nd6+ Kb4 67. Nb7 Bg6 68. Ke3 Kc3 69. Nd8 Bf5 70. Nf7 Bh3 71.
Nh8 Bf5 72. Nf7 Bh7 73. Nd8 Bg8 74. Nc6 g5 75. hxg5 hxg5 76. Kf3 Bf7 77. Kg4
Be8 78. Nd8 Kxd4 79. Nxe6+ Kxe5 80. Nxg5 Bc6 81. Kf3 Kf5 82. Nh3 d4+ 83. Ke2
1/2-1/2

[Event "X Open Vallee d'Aoste A"]
[Site "Saint Vincent - Chatillon ITA"]
[Date "2002.02.09"]
[Round "1"]
[White "Wagman, Stuart"]
[Black "Acs, Peter"]
[Result "0-1"]
[WhiteElo "2137"]
[BlackElo "2526"]
[PlyCount "54"]
[EventDate "2002.02.09"]

1. e4 c5 2. Nf3 d6 3. d4 cxd4 4. Nxd4 Nf6 5. Nc3 Nc6 6. Be2 e5 7. Nf3 h6 8. O-O
Be7 9. Re1 Be6 10. Bf1 Bg4 11. h3 Bh5 12. Nd5 Nxd5 13. exd5 Nd4 14. g4 Nxf3+
15. Qxf3 Bg6 16. Bb5+ Kf8 17. Bd3 Bxd3 18. Qxd3 h5 19. c4 Rc8 20. Be3 Bg5 21.
Rac1 hxg4 22. hxg4 Rh4 23. c5 Rxg4+ 24. Kf1 e4 25. Qd1 Rh4 26. cxd6 Bxe3 27.
Rxe3 Rxc1 0-1

[Event "X Open Vallee d'Aoste A"]
[Site "Saint Vincent - Chatillon ITA"]
[Date "2002.02.10"]
[Round "2"]
[White "Acs, Peter"]
[Black "Estremera Panos, Sergio"]
[Result "1-0"]
[WhiteElo "2526"]
[BlackElo "2385"]
[PlyCount "57"]
[EventDate "2002.02.09"]

1. e4 c5 2. Nf3 d6 3. d4 cxd4 4. Nxd4 Nf6 5. Nc3 Nc6 6. Bg5 e6 7. Qd2 Qb6 8.
Nb3 Be7 9. Bxf6 Bxf6 10. Qxd6 Be7 11. Qg3 O-O 12. Bd3 a5 13. a4 Bf6 14. O-O Be5
15. Qh3 Nb4 16. Rab1 Nxd3 17. Qxd3 Rd8 18. Qc4 Bd7 19. Qc5 Qxc5 20. Nxc5 Bc6
21. Nb5 Rd2 22. c3 b6 23. Nb3 Rd7 24. f4 Bxb5 25. axb5 a4 26. Ra1 Raa7 27. Nc5
bxc5 28. fxe5 c4 29. b6 1-0

[Event "X Open Vallee d'Aoste A"]
[Site "Saint Vincent - Chatillon ITA"]
[Date "2002.02.10"]
[Round "2"]
[White "Colovic, Aleksandar"]
[Black "Dervishi, Erald"]
[Result "1/2-1/2"]
[WhiteElo "2364"]
[BlackElo "2525"]
[PlyCount "122"]
[EventDate "2002.02.09"]

1. e4 e5 2. Nf3 Nc6 3. Bb5 a6 4. Ba4 Nf6 5. O-O Be7 6. Re1 b5 7. Bb3 d6 8. c3
O-O 9. d4 Bg4 10. Be3 exd4 11. cxd4 Na5 12. Bc2 c5 13. dxc5 dxc5 14. Nbd2 Nd7
15. Bf4 Re8 16. e5 Nf8 17. Be4 Rc8 18. h3 Be6 19. Qc2 Nc6 20. a3 Ng6 21. Bg3
Qb6 22. Rad1 Red8 23. h4 Nd4 24. Nxd4 cxd4 25. Qb1 Nf8 26. Bd3 Bd5 27. Ne4 Bxe4
28. Bxe4 Qh6 29. Bf5 Rc5 30. Qe4 Rc4 31. b3 Rc3 32. Rxd4 Rxd4 33. Qxd4 Rc1 34.
Rxc1 Qxc1+ 35. Kh2 Qxa3 36. Qa7 h5 37. Be4 Qb4 38. Bd5 g5 39. Qe3 gxh4 40. Bf4
Ng6 41. Be4 Qc5 42. Qf3 Qd4 43. Bxg6 fxg6 44. e6 Kg7 45. g3 hxg3+ 46. fxg3 Qb2+
47. Kh3 Kh7 48. Qd5 Qf6 49. Bd6 Qf1+ 50. Kh2 Qe2+ 51. Kh1 Qf1+ 52. Kh2 Qf2+ 53.
Kh1 h4 54. gxh4 Qf1+ 55. Kh2 Qf2+ 56. Kh1 Qxh4+ 57. Kg2 Qg4+ 58. Kf1 Qh3+ 59.
Ke2 Qg4+ 60. Kf1 Qh3+ 61. Ke2 Qg4+ 1/2-1/2

[Event "X Open Vallee d'Aoste A"]
[Site "Saint Vincent - Chatillon ITA"]
[Date "2002.02.10"]
[Round "2"]
[White "Contin, Daniel"]
[Black "Timoscenko, Gennadij A."]
[Result "0-1"]
[WhiteElo "2358"]
[BlackElo "2513"]
[PlyCount "98"]
[EventDate "2002.02.09"]

1. Nf3 Nf6 2. c4 e6 3. g3 a6 4. Nc3 d5 5. cxd5 exd5 6. d4 Be7 7. Bg2 O-O 8. O-O
c6 9. Qc2 Nbd7 10. Rd1 Re8 11. Bf4 Nf8 12. Ne5 Ng6 13. Rab1 Nxf4 14. gxf4 Bd6
15. e3 g6 16. Rbc1 Bf5 17. Qb3 Qe7 18. Rd2 Rad8 19. a3 Ne4 20. Nxe4 Bxe4 21.
Qd1 Bxg2 22. Kxg2 Bxe5 23. fxe5 f6 24. f4 fxe5 25. dxe5 Rf8 26. Qg4 Rf5 27. Kh1
Rdf8 28. b4 Kh8 29. Rd4 R8f7 30. Rg1 Rf8 31. Rg3 Qd8 32. Rd2 a5 33. Rh3 Kg8 34.
Rg2 Qe7 35. Qh4 Qg7 36. Rd2 axb4 37. axb4 Ra8 38. Rg3 Qf8 39. Rh3 Rh5 40. Qg4
Rxe5 41. Rg3 Rf5 42. h4 Qxb4 43. Rdg2 Kh8 44. Rh3 Ra1+ 45. Kh2 Rf1 46. Qe2 Qb1
47. Qb2+ Kg8 48. Qxb1 Rxb1 49. h5 Kg7 0-1

[Event "X Open Vallee d'Aoste A"]
[Site "Saint Vincent - Chatillon ITA"]
[Date "2002.02.10"]
[Round "2"]
[White "De Vreugt, Dennis"]
[Black "Gurevich, Mikhail N."]
[Result "1/2-1/2"]
[WhiteElo "2446"]
[BlackElo "2641"]
[PlyCount "93"]
[EventDate "2002.02.09"]

1. e4 e6 2. d4 d5 3. Nc3 Nf6 4. Bg5 dxe4 5. Nxe4 Nbd7 6. Nf3 Be7 7. Nxf6+ Bxf6
8. h4 O-O 9. Bd3 c5 10. Qe2 cxd4 11. O-O-O e5 12. Qe4 g6 13. Qd5 Re8 14. Rhe1
Qe7 15. Bb5 Nb6 16. Qxe5 Qxe5 17. Nxe5 Bxg5+ 18. hxg5 Rd8 19. Nc4 Be6 20. Nxb6
axb6 21. a4 Rac8 22. Kd2 Rc5 23. f4 Kg7 24. Rh1 Rdc8 25. Bd3 Bf5 26. Bxf5 Rxf5
27. Rh4 Rfc5 28. Rc1 Rc4 29. Kd3 Rxa4 30. Rch1 Rh8 31. g4 Ra5 32. Kxd4 Ra4+ 33.
Ke3 Re8+ 34. Kd3 Rd8+ 35. Kc3 Rh8 36. f5 gxf5 37. gxf5 Rc8+ 38. Kd3 Rxh4 39.
Rxh4 Rc5 40. Rf4 h6 41. f6+ Kg6 42. gxh6 Kxh6 43. Rd4 Kg6 44. b4 Rc6 45. Rd7
Rxf6 46. c4 Rc6 47. Rxb7 1/2-1/2

[Event "X Open Vallee d'Aoste A"]
[Site "Saint Vincent - Chatillon ITA"]
[Date "2002.02.10"]
[Round "2"]
[White "Dittmar, Peter"]
[Black "Tyomkin, Dimitri"]
[Result "0-1"]
[WhiteElo "2330"]
[BlackElo "2501"]
[PlyCount "112"]
[EventDate "2002.02.09"]

1. Nf3 Nf6 2. c4 g6 3. Nc3 d5 4. e3 Bg7 5. d4 O-O 6. Be2 c5 7. O-O cxd4 8. exd4
Nc6 9. Re1 Bg4 10. cxd5 Nxd5 11. h3 Be6 12. Bf1 Rc8 13. Bg5 h6 14. Bd2 Kh7 15.
Re4 Nxc3 16. bxc3 Bd5 17. Re1 Qd6 18. Rb1 b6 19. a4 e5 20. Nxe5 Nxe5 21. dxe5
Bxe5 22. c4 Bc6 23. Bb4 Qxd1 24. Rbxd1 Rfe8 25. a5 bxa5 26. Bxa5 Bf6 27. Rxe8
Bxe8 28. Be2 Kg7 29. Bb4 Bc6 30. Ba5 Re8 31. Bf1 h5 32. Rd3 Re4 33. Rd6 Re6 34.
Rd1 Ba4 35. Rd5 Rc6 36. g3 Bb3 37. Rd7 Ra6 38. Rd5 Ba4 39. Bg2 Bc6 40. Rd6 Rxa5
41. Rxc6 Ra1+ 42. Bf1 a5 43. Kg2 a4 44. Ra6 Bd4 45. Be2 a3 46. h4 Ra2 47. Kf3
Bc5 48. Ra5 Bb4 49. Ra4 Rb2 50. Ke3 a2 51. Bd3 Bc5+ 52. Ke4 Rxf2 53. Kd5 Be7
54. c5 Rd2 55. Kc4 Bxc5 56. Kc3 Bb4+ 0-1

[Event "X Open Vallee d'Aoste A"]
[Site "Saint Vincent - Chatillon ITA"]
[Date "2002.02.10"]
[Round "2"]
[White "Drasko, Milan"]
[Black "Isonzo, David"]
[Result "1-0"]
[WhiteElo "2504"]
[BlackElo "2364"]
[PlyCount "111"]
[EventDate "2002.02.09"]

1. d4 Nf6 2. c4 e6 3. Nc3 Bb4 4. Qc2 O-O 5. a3 Bxc3+ 6. Qxc3 b6 7. Bg5 Ba6 8.
e3 d6 9. Nf3 Nbd7 10. Nd2 Rc8 11. b4 c5 12. dxc5 bxc5 13. Qb2 d5 14. cxd5 Bxf1
15. Nxf1 exd5 16. Ng3 h6 17. Bxf6 Qxf6 18. Qxf6 Nxf6 19. Nf5 Kh7 20. bxc5 Rxc5
21. Nd4 Rfc8 22. O-O Ra5 23. Rfb1 Rc3 24. Rb3 Rxb3 25. Nxb3 Rb5 26. Nd4 Rb2 27.
f3 Kg6 28. Rc1 Ra2 29. Rc3 Nd7 30. Nc6 Nb6 31. Nxa7 Nc4 32. Nc6 Rxa3 33. Ne7+
Kh7 34. Rxa3 Nxa3 35. Nxd5 Nc4 36. Kf2 Kg8 37. Ke2 Kf8 38. Kd3 Nd6 39. e4 Ke8
40. e5 Nb7 41. g4 Nc5+ 42. Kc4 Nd7 43. Kd4 Nf8 44. f4 Ne6+ 45. Ke3 Nf8 46. f5
Kd7 47. Kd4 Nh7 48. h4 Nf8 49. Nf4 Ke7 50. Nd5+ Kd7 51. Kc5 Nh7 52. Nf4 Nf8 53.
Nh5 g5 54. hxg5 hxg5 55. Nf6+ Ke7 56. Kc6 1-0

[Event "X Open Vallee d'Aoste A"]
[Site "Saint Vincent - Chatillon ITA"]
[Date "2002.02.10"]
[Round "2"]
[White "Epishin, Vladimir V."]
[Black "Ibrahimov, Rasul"]
[Result "1-0"]
[WhiteElo "2599"]
[BlackElo "2436"]
[PlyCount "58"]
[EventDate "2002.02.09"]

1. d4 d5 2. c4 c6 3. e3 Nf6 4. Bd3 Bg4 5. Ne2 e6 6. Nbc3 Nbd7 7. cxd5 cxd5 8.
Qb3 Qb6 9. Qxb6 Nxb6 10. f3 Bf5 11. e4 Bg6 12. O-O Rc8 13. Bg5 Be7 14. Rfd1
dxe4 15. Bb5+ Nfd7 16. Bxe7 exf3 17. Ba3 fxe2 18. Bxe2 a6 19. Rac1 Nc4 20. Bxc4
Rxc4 21. Ne4 Rxc1 22. Nd6+ Ke7 23. Rxc1 Rb8 24. Nxb7+ Kf6 25. Nd6 e5 26. Rc7
Nb6 27. Rc6 Kg5 28. dxe5 Kf4 29. g3+ Ke3 1-0

[Event "X Open Vallee d'Aoste A"]
[Site "Saint Vincent - Chatillon ITA"]
[Date "2002.02.10"]
[Round "2"]
[White "Klinova, Masha"]
[Black "Volokitin, Andrei"]
[Result "0-1"]
[WhiteElo "2432"]
[BlackElo "2586"]
[PlyCount "52"]
[EventDate "2002.02.09"]

1. e4 c5 2. Nf3 e6 3. c4 Nc6 4. Nc3 e5 5. d3 d6 6. Be2 Be7 7. Nd5 f5 8. exf5
Bxf5 9. Be3 Nf6 10. Nxe7 Qxe7 11. h3 O-O 12. O-O a6 13. a3 b5 14. b4 bxc4 15.
bxc5 dxc5 16. dxc4 Nd4 17. Ra2 Rfd8 18. Nxd4 cxd4 19. Bg5 h6 20. Bxf6 Qxf6 21.
Bg4 Bg6 22. Re1 e4 23. Rd2 Qe5 24. Bf3 d3 25. Rxd3 Rxd3 26. Qxd3 exf3 0-1

[Event "X Open Vallee d'Aoste A"]
[Site "Saint Vincent - Chatillon ITA"]
[Date "2002.02.10"]
[Round "2"]
[White "Lazarev, Vladimir"]
[Black "Sutovsky, Emil"]
[Result "0-1"]
[WhiteElo "2461"]
[BlackElo "2656"]
[PlyCount "84"]
[EventDate "2002.02.09"]

1. Nf3 Nf6 2. c4 c5 3. d4 cxd4 4. Nxd4 Nc6 5. Nc3 e6 6. Bf4 d5 7. cxd5 Nxd5 8.
Nxc6 bxc6 9. Bd2 Bb4 10. Qc2 Rb8 11. Rc1 Nxc3 12. Bxc3 Qa5 13. b3 O-O 14. Bxb4
Rxb4 15. Qc3 c5 16. e3 Qxa2 17. Qxc5 Rxb3 18. Bc4 Ba6 19. O-O Bxc4 20. Qxc4 Rb2
21. Qc7 Qa6 22. h3 h6 23. Ra1 Ra2 24. Rab1 Rc8 25. Qe7 Qc4 26. Rfd1 Qe2 27. Rf1
Qc4 28. Rfd1 Qc2 29. Rf1 Qf5 30. Qb7 Rcc2 31. Rb5 Qd3 32. Rbb1 Qf5 33. Rb5 Qd3
34. Rbb1 a5 35. Qf3 Qf5 36. Qg3 Kh7 37. Rb7 Re2 38. h4 Ra4 39. Ra7 h5 40. Qc7
Rxf2 41. Rxf2 Ra1+ 42. Kh2 Qxf2 0-1

[Event "X Open Vallee d'Aoste A"]
[Site "Saint Vincent - Chatillon ITA"]
[Date "2002.02.10"]
[Round "2"]
[White "Likavsky, Tomas"]
[Black "Rogers, Ian"]
[Result "1/2-1/2"]
[WhiteElo "2415"]
[BlackElo "2555"]
[PlyCount "140"]
[EventDate "2002.02.09"]

1. d4 Nf6 2. Nf3 e6 3. c4 Bb4+ 4. Nbd2 b6 5. a3 Bxd2+ 6. Qxd2 Bb7 7. e3 O-O 8.
Be2 Ne4 9. Qc2 f5 10. O-O Rf6 11. Rd1 d6 12. d5 Rg6 13. dxe6 Na6 14. b4 c5 15.
Bb2 Nc7 16. Be5 Rxe6 17. bxc5 bxc5 18. Bxg7 Ng5 19. Bc3 Rg6 20. Nxg5 Qxg5 21.
g3 Rh6 22. f4 Qe7 23. Bd2 Qd7 24. Rab1 Bc6 25. Bd3 Rf8 26. Re1 Qe6 27. Re2 Qg6
28. Kf1 Qg4 29. Bc3 Ne6 30. Ree1 Ba8 31. Qa4 Bf3 32. Re2 Rg6 33. Rbb2 Ba8 34.
Ke1 Rh6 35. Qxa7 Rxh2 36. Rxh2 Qxg3+ 37. Kd1 Qg1+ 38. Be1 Bf3+ 39. Rbe2 Qxh2
40. Qd7 Qh6 41. Bc3 Rd8 42. Qe7 Qg6 43. Kd2 Bxe2 44. Bxe2 Re8 45. Qd7 Nf8 46.
Qc6 Qe6 47. Bf3 Qxe3+ 48. Kc2 Qf2+ 49. Kd1 Qf1+ 50. Kc2 Re2+ 51. Bxe2 Qxe2+ 52.
Kb3 Qd1+ 53. Kb2 h5 54. a4 h4 55. Qg2+ Kf7 56. a5 Ne6 57. a6 Nd4 58. Qd5+ Ke7
59. Bxd4 Qd2+ 60. Kb1 Qd1+ 61. Kb2 Qd2+ 62. Kb3 Qd1+ 63. Ka2 cxd4 64. Qb7+ Kf6
65. a7 Qc2+ 66. Ka3 Qc3+ 67. Ka4 Qxc4+ 68. Ka5 Qc5+ 69. Ka6 Qa3+ 70. Kb5 Qc5+
1/2-1/2

[Event "X Open Vallee d'Aoste A"]
[Site "Saint Vincent - Chatillon ITA"]
[Date "2002.02.10"]
[Round "2"]
[White "Masserey, Yvan"]
[Black "Komarov, Dimitri"]
[Result "0-1"]
[WhiteElo "2376"]
[BlackElo "2537"]
[PlyCount "54"]
[EventDate "2002.02.09"]

1. e4 c5 2. Nf3 Nc6 3. d4 cxd4 4. Nxd4 Nf6 5. Nc3 e5 6. Ndb5 d6 7. Bg5 a6 8.
Na3 b5 9. Bxf6 gxf6 10. Nd5 f5 11. c3 Bg7 12. exf5 Bxf5 13. Nc2 O-O 14. Nce3
Be6 15. g3 f5 16. Bg2 Rb8 17. O-O f4 18. Nc2 Qd7 19. Be4 Qf7 20. Qd3 Kh8 21. f3
fxg3 22. hxg3 Bh6 23. Kf2 Ne7 24. Rad1 Nf5 25. Rh1 Qa7+ 26. Kg2 Nxg3 27. Rxh6
Nxe4 0-1

[Event "X Open Vallee d'Aoste A"]
[Site "Saint Vincent - Chatillon ITA"]
[Date "2002.02.10"]
[Round "2"]
[White "Palac, Mladen"]
[Black "Bellia, Fabrizio"]
[Result "1/2-1/2"]
[WhiteElo "2580"]
[BlackElo "2419"]
[PlyCount "65"]
[EventDate "2002.02.09"]

1. e4 e5 2. Nf3 Nc6 3. Bb5 a6 4. Ba4 Nf6 5. O-O Be7 6. Re1 b5 7. Bb3 O-O 8. a4
b4 9. d3 d6 10. a5 Be6 11. Nbd2 Rb8 12. Nc4 Nd4 13. Nxd4 exd4 14. e5 Nd5 15.
Qf3 dxe5 16. Nxe5 Qd6 17. Nc4 Qd8 18. Ne5 Qd6 19. Bd2 Bf6 20. Ng4 Bd8 21. Ne5
Bf6 22. Qe4 c5 23. f4 g6 24. Qf3 Rbd8 25. Re2 Bc8 26. Rae1 Bb7 27. Ng4 Bg7 28.
f5 Ne3 29. Qxb7 Nxg4 30. g3 Ne3 31. fxg6 hxg6 32. Kh1 Bh6 33. Rf2 1/2-1/2

[Event "X Open Vallee d'Aoste A"]
[Site "Saint Vincent - Chatillon ITA"]
[Date "2002.02.10"]
[Round "2"]
[White "Sarno, Spartaco"]
[Black "Cvitan, Ognjen"]
[Result "1/2-1/2"]
[WhiteElo "2395"]
[BlackElo "2550"]
[PlyCount "26"]
[EventDate "2002.02.09"]

1. c4 c5 2. Nc3 g6 3. g3 Bg7 4. Bg2 Nc6 5. e3 Nh6 6. Nge2 Nf5 7. O-O O-O 8. d3
b6 9. b3 Bb7 10. Bb2 d6 11. Qd2 Rb8 12. Ne4 e5 13. Rad1 Re8 1/2-1/2